| 000 | 00360nam a22001217a 4500 | ||
|---|---|---|---|
| 020 | _a812241883x | ||
| 082 |
_222 _a363.3495 |
||
| 100 | _aBoer, Jelle Zeilinga De and Sanders, Donalds Theodore. | ||
| 245 | _aEarthqauke in human histroy / | ||
| 260 |
_aNew Delhi, _bNew Age International, _cc2006. |
||
| 300 |
_axiv, 278 p. ; _bill. ; _c24 cm. |
||
| 942 |
_2ddc _cCIVIL |
||
| 999 |
_c1267 _d1267 |
||